000 00433nam a22001817a 4500
003 MPLRDC
005 20220104150459.0
008 210129b ||||| |||| 00| 0 eng d
020 _a983-41438-2-6
082 _a738.6262 LJQ
100 _a刘鉴铨主编
245 _a青山不老
_c
250 _a初版
260 _a
_b星洲日报
_c2004
300 _b
650 _a东南亚--马来西亚
942 _cBK
_o738.6262 LJQ
999 _c51889
_d51879